Statistics for Jonesy Fortnite Skins Quiz

Click here to take the quiz!

General Stats

  • This quiz has been taken 18 times
  • The average score is 19 of 90

Answer Stats

Answer% Correct
Agent Jones
67%
Rex
60%
Scuba Jonesy
60%
Skull Trooper
60%
Bunker Jonesy
53%
Rust Lord
53%
Battle Hound
47%
Black Knight
47%
Codename E.L.F.
47%
Dark Rex
47%
Slurp Jonesy
47%
Castaway Jonesy
40%
Dark Jonesy
40%
Alpine Ace
33%
Crackshot
33%
Jonesy The First
33%
Mullet Marauder
33%
Vengeance Jones
33%
Alpine Ace (CAN)
27%
Alpine Ace (CHN)
27%
Alpine Ace (FRA)
27%
Alpine Ace (GER)
27%
Alpine Ace (KOR)
27%
Alpine Ace (USA)
27%
Burnout
27%
Cabbie
27%
Castor
27%
Cozy Jonesy
27%
Hayseed
27%
King Flamingo
27%
Lt. Evergreen
27%
Mission Specialist
27%
Rabbit Raider
27%
Roast Lord
27%
Rogue Agent
27%
Sledgehammer
27%
Alpine Ace (GBR)
20%
Circuit Breaker
20%
Magnus
20%
Moisty Merman
20%
Nite Nite
20%
Ranger
20%
Sash Sergeant
20%
Sea Wolf
20%
Yule Trooper
20%
Backbone
13%
Brainiac
13%
Chomp Sr.
13%
Diecast
13%
Grill Sergeant
13%
Guernsey
13%
Ludwig
13%
Munitions Major
13%
Pillar
13%
Plastic Patroller
13%
Sky Stalker
13%
Sleuth
13%
Star-Spangled Trooper
13%
Triage Trooper
13%
Warpaint
13%
Agente Colorado
7%
Arctic Intel
7%
Axiom
7%
Batman Comic Book Outfit
7%
Battalion Brawler
7%
Cloudbreaker
7%
Cozy Knit Jonesy
7%
Devastator
7%
Fair Play
7%
Fearless Flusher
7%
First Strike Specialist
7%
Frontier
7%
Highrise Assault Trooper
7%
Jones Unchained
7%
Jonesy The Secondst
7%
Karateka Jones
7%
Noir
7%
Recon Scout
7%
Recruit Jonesy
7%
Red-Nosed Ranger
7%
Relaxed Fit Jonesy
7%
Riot
7%
Scoundrel
7%
Slugger
7%
Snakepit
7%
Sub Commander
7%
Sun Tan Specialist
7%
Vulture
7%
Wrecker
7%
Wreck Raider
7%

Score Distribution

Percentile by Number Answered

Percent of People with Each Score

Your Score History

You have not taken this quiz